Zhou yi da xiang jie /
Saved in:
| Main Author: | |
|---|---|
| Other Authors: | , |
| Format: | Book |
| Language: | Chinese |
| Published: |
[Taibei] :
Cheng wen chu ban she,
[Min guo 65 i.e. 1976]
|
| Edition: | Tai 1 ban. |
| Series: | Wu qiu bei zhai Yi jing ji cheng ;
117. |
| Subjects: | |
| Tags: |
Add Tag
No Tags, Be the first to tag this record!
|
| LEADER | 01804cam a2200421 i 4500 | ||
|---|---|---|---|
| 001 | 007743995-3 | ||
| 005 | 20061103085442.0 | ||
| 008 | 980321r1976uuuuch 000 0 chi | ||
| 010 | |a 78836230 /C | ||
| 035 | 0 | |a ocm38766398 | |
| 040 | |a DLC |c *YNH* |d CStRLIN | ||
| 050 | 0 | 0 | |a PL2464.Z6 |b W86 vol.117 |
| 100 | 1 | |6 880-01 |a Wang, Fuzhi, |d 1619-1692. | |
| 245 | 1 | 0 | |6 880-02 |a Zhou yi da xiang jie / |c Wang Fuzhi zhuan. |
| 250 | |6 880-03 |a Tai 1 ban. | ||
| 260 | |6 880-04 |a [Taibei] : |b Cheng wen chu ban she, |c [Min guo 65 i.e. 1976] | ||
| 300 | |a 34, 138, 282 p. ; |c 21 cm. | ||
| 490 | 1 | |6 880-05 |a Wu qiu bei zhai Yi jing ji cheng ; |v 117 | |
| 500 | |a A collection of three reprints. | ||
| 505 | 0 | |6 880-06 |a Zhou yi da xiang jie / Wang Fuzhi -- Tui yi shi mo : 4 juan / Mao Qiling -- Zhou yi tong lun : 4 juan / Li Guangdi. | |
| 630 | 0 | 0 | |6 880-07 |a Yi jing. |
| 700 | 1 | 2 | |6 880-08 |a Mao, Chưi-ling, |d 1623-1716. |t Tui yi shi mi. |f 1976. |
| 700 | 1 | 2 | |6 880-09 |a Li, Guangdi, |d 1642-1718. |t Zhou yi tong lun. |f 1976. |
| 730 | 0 | |6 880-10 |a Yi jing. |k Selection. |f 1976. | |
| 880 | 1 | |6 100-01 |a 王夫之, |d 1619-1692. | |
| 880 | 1 | 0 | |6 245-02 |a 周易大象解 / |c 王夫之撰. |
| 880 | |6 250-03 |a 臺1版. | ||
| 880 | |6 260-04 |a [台北] : |b 成文出版社, |c [民國65 i.e. 1976] | ||
| 880 | 1 | |6 490-05 |a 無求備齋易經集成 ; |v 117 | |
| 880 | 0 | |6 505-06 |a 周易大象解 / 王夫之 -- 推易始末 : 4卷 / 毛奇齡 -- 周易通論 : 4卷 / 李光地. | |
| 880 | 0 | 0 | |6 630-07 |a 易經. |
| 880 | 1 | 2 | |6 700-08 |a 毛奇齡, |d 1642-1718. |t 推易始末 |f 1976. |
| 880 | 1 | 2 | |6 700-09 |a 李光地, |d 1642-1718. |t 周易通論. |f 1976. |
| 880 | 0 | |6 730-10 |a 易經. |k Selction. |f 1976. | |
| 830 | 0 | |6 880-55 |a Wu qiu bei zhai Yi jing ji cheng ; |v 117. | |
| 880 | 0 | |6 830-55 |a 無求備齋易經集成 ; |v 117. | |
| 988 | |a 20021121 | ||
| 906 | |0 DLC | ||


